LEADER 00730nam0 22002653i 450 001 996409449603316 005 20210402130326.0 010 $a0-333-34307-7 100 $a19950217d1982----km y1itay5003 ba 101 0 $aeng 102 $aGB 200 1 $aBalance-of-payments theory and the United Kingdom experience$fA. P. Thirlwall 205 $a2nd ed. 210 1 $aLondon$cMacMillan$d1982 215 $aXIII, 321 p.$d22 cm 606 0 $aBilancia commerciale$2BNCF 676 $a382.17 700 1$aTHIRLWALL,$bAnthony Philip$0119240 801 0$aIT$bcba$gREICAT 912 $a996409449603316 951 $a300 382.17 THI$b1398 DISES 959 $aBK 969 $aDISES 996 $aBalance-of-payments$9618105 997 $aUNISA LEADER 02459nas 2200793-a 450 001 996206147803316 005 20240112213020.0 011 $a1474-4457 035 $a(DE-599)ZDB2070985-7 035 $a(OCoLC)48085377 035 $a(CKB)111011798308000 035 $a(CONSER)--2009233385 035 $a(EXLCZ)99111011798308000 100 $a20011004a20019999 s-- a 101 0 $aeng 135 $aurmnu|||||||| 181 $ctxt$2rdacontent 182 $cc$2rdamedia 183 $acr$2rdacarrier 200 14$aThe Lancet infectious diseases 210 $a[Amsterdam] ;$a[New York?] $cElsevier Science $cLancet Pub. Group$d2001- 300 $aRefereed/Peer-reviewed 300 $aTitle from contents screen (ScienceDirect, viewed July 15, 2009). 311 $a1473-3099 517 3 $aInfectious diseases 531 $aLANCET INFECTIOUS DISEASES 531 $aLANCET INFECT DIS 531 $aLANCET INFECT. DIS 531 0 $aLancet, Infect. dis. 606 $aCommunicable diseases$vPeriodicals 606 $aInfection$vPeriodicals 606 $aCommunicable diseases 606 $aInfection 606 $aCommunicable diseases$xPeriodicals 606 $aInfection$xPeriodicals 606 $aCommunicable Diseases 606 $aInfections 606 $aMaladies infectieuses$xPériodiques 606 $aInfection$xPériodiques 606 $aMaladies infectieuses$vPériodiques 606 $aInfection$vPériodiques 606 $aMaladies infectieuses 606 $aInfection 606 $aCommunicable diseases$2fast$3(OCoLC)fst00869883 606 $aInfection$2fast$3(OCoLC)fst00972325 608 $aPeriodical 608 $aPeriodicals.$2fast 610 $aInfectious Diseases 615 0$aCommunicable diseases 615 0$aInfection 615 0$aCommunicable diseases. 615 0$aInfection. 615 0$aCommunicable diseases$xPeriodicals. 615 0$aInfection$xPeriodicals. 615 12$aCommunicable Diseases 615 22$aInfections 615 6$aMaladies infectieuses$xPériodiques. 615 6$aInfection$xPériodiques. 615 6$aMaladies infectieuses 615 6$aInfection 615 6$aMaladies infectieuses. 615 6$aInfection. 615 7$aCommunicable diseases. 615 7$aInfection. 676 $a616.9 906 $aJOURNAL 912 $a996206147803316 996 $aThe Lancet infectious diseases$91890942 997 $aUNISA